[Event "DEM U14 2023"]
[Site "Willingen GER"]
[Date "2023.06.03"]
[Round "9"]
[White "Burkart, Lloyd Shang"]
[Black "Korchynskyi, Mykola"]
[Result "1/2-1/2"]
[Termination "normal"]
[Board "7"]
[WhiteElo "1956"]
[BlackElo "2126"]
[WhiteClock "00:08:01"]
[BlackClock "00:25:53"]
[PlyCount "69"]
[WhiteFideId "16239059"]
[BlackFideId "34138005"]
[EventCountry "GER"]
[EventRounds "9"]
[EventType "swiss"]
[EventDate "2023.05.27"]

1. d4 {[%clk 01:30:58]} {[%emt 00:00:01]} Nf6 {[%clk 01:30:54]} {[%emt
00:00:06]} 2. c4 {[%clk 01:31:08]} {[%emt 00:00:21]} e6 {[%clk 01:31:18]}
{[%emt 00:00:08]} 3. g3 {[%clk 01:31:28]} {[%emt 00:00:07]} d5 {[%clk
01:31:41]} {[%emt 00:00:07]} 4. Bg2 {[%clk 01:31:50]} {[%emt 00:00:08]} dxc4
{[%clk 01:32:04]} {[%emt 00:00:12]} 5. Qa4+ {[%clk 01:30:49]} {[%emt 00:01:27]}
Nbd7 {[%clk 01:32:19]} {[%emt 00:00:15]} 6. Nf3 {[%clk 01:30:45]} {[%emt
00:00:33]} c5 {[%clk 01:31:03]} {[%emt 00:01:47]} 7. Qxc4 {[%clk 01:26:58]}
{[%emt 00:04:16]} Nb6 {[%clk 01:26:53]} {[%emt 00:04:41]} 8. Qd3 {[%clk
01:25:21]} {[%emt 00:02:06]} c4 {[%clk 01:17:18]} {[%emt 00:10:06]} 9. Qc2
{[%clk 01:22:41]} {[%emt 00:03:09]} Nfd5 {[%clk 01:06:55]} {[%emt 00:10:53]}
10. a3 {[%clk 01:18:00]} {[%emt 00:05:11]} Bd7 {[%clk 01:05:44]} {[%emt
00:01:42]} 11. e4 {[%clk 01:16:13]} {[%emt 00:02:16]} Nf6 {[%clk 01:05:01]}
{[%emt 00:01:12]} 12. Nc3 {[%clk 01:16:05]} {[%emt 00:00:38]} Be7 {[%clk
01:04:58]} {[%emt 00:00:34]} 13. O-O {[%clk 01:16:07]} {[%emt 00:00:28]} O-O
{[%clk 01:04:45]} {[%emt 00:00:43]} 14. Re1 {[%clk 01:11:18]} {[%emt 00:05:19]}
Rc8 {[%clk 01:03:54]} {[%emt 00:01:21]} 15. Bf4 {[%clk 01:10:57]} {[%emt
00:00:51]} Re8 {[%clk 01:03:05]} {[%emt 00:01:19]} 16. Rad1 {[%clk 01:10:12]}
{[%emt 00:01:15]} h6 {[%clk 01:02:47]} {[%emt 00:00:48]} 17. h3 {[%clk
01:09:19]} {[%emt 00:01:23]} Bf8 {[%clk 01:01:26]} {[%emt 00:01:51]} 18. Kh1
{[%clk 01:08:39]} {[%emt 00:01:10]} a5 {[%clk 01:00:14]} {[%emt 00:01:43]} 19.
g4 {[%clk 01:07:04]} {[%emt 00:02:04]} Na8 {[%clk 00:51:32]} {[%emt 00:09:13]}
20. g5 {[%clk 00:49:55]} {[%emt 00:17:39]} Nh5 {[%clk 00:50:58]} {[%emt
00:01:03]} 21. Be3 {[%clk 00:48:34]} {[%emt 00:01:50]} hxg5 {[%clk 00:47:28]}
{[%emt 00:04:00]} 22. Nxg5 {[%clk 00:41:13]} {[%emt 00:07:52]} Be7 {[%clk
00:44:36]} {[%emt 00:03:22]} 23. h4 {[%clk 00:40:18]} {[%emt 00:01:25]} Qc7
{[%clk 00:42:27]} {[%emt 00:02:39]} 24. e5 {[%clk 00:31:13]} {[%emt 00:09:35]}
Bxg5 {[%clk 00:35:14]} {[%emt 00:07:42]} 25. Bxg5 {[%clk 00:31:41]} {[%emt
00:00:03]} Bc6 {[%clk 00:34:16]} {[%emt 00:01:26]} 26. Qe2 {[%clk 00:29:37]}
{[%emt 00:02:36]} Bxg2+ {[%clk 00:31:52]} {[%emt 00:02:55]} 27. Kxg2 {[%clk
00:30:03]} {[%emt 00:00:03]} g6 {[%clk 00:31:41]} {[%emt 00:00:41]} 28. Ne4
{[%clk 00:29:33]} {[%emt 00:01:00]} Nb6 {[%clk 00:31:11]} {[%emt 00:01:01]} 29.
Rg1 {[%clk 00:16:22]} {[%emt 00:13:40]} Nd5 {[%clk 00:30:40]} {[%emt 00:01:02]}
30. Kh2 {[%clk 00:16:13]} {[%emt 00:00:39]} Kh8 {[%clk 00:29:58]} {[%emt
00:01:11]} 31. Qf3 {[%clk 00:14:21]} {[%emt 00:02:21]} Rg8 {[%clk 00:28:51]}
{[%emt 00:01:38]} 32. Bf6+ {[%clk 00:13:39]} {[%emt 00:01:12]} Ndxf6 {[%clk
00:25:13]} {[%emt 00:04:08]} 33. Nxf6 {[%clk 00:14:00]} {[%emt 00:00:09]} Nxf6
{[%clk 00:25:36]} {[%emt 00:00:07]} 34. Qxf6+ {[%clk 00:14:27]} {[%emt
00:00:03]} Rg7 {[%clk 00:25:53]} {[%emt 00:00:13]} 35. h5 {[%clk 00:08:01]}
{[%emt 00:06:56]} 1/2-1/2

[Event "DEM U14 2023"]
[Site "Willingen GER"]
[Date "2023.06.03"]
[Round "9"]
[White "Haubold, Christian Lucas"]
[Black "Neuhoff, Laertes"]
[Result "1-0"]
[Termination "normal"]
[Board "8"]
[WhiteElo "1949"]
[BlackElo "2109"]
[WhiteClock "00:08:04"]
[BlackClock "00:02:28"]
[PlyCount "63"]
[WhiteFideId "16259629"]
[BlackFideId "16279719"]
[EventCountry "GER"]
[EventRounds "9"]
[EventType "swiss"]
[EventDate "2023.05.27"]

1. e4 {[%clk 01:30:57]} {[%emt 00:00:02]} c5 {[%clk 01:30:54]} {[%emt
00:00:07]} 2. Nf3 {[%clk 01:31:20]} {[%emt 00:00:07]} Nc6 {[%clk 01:31:17]}
{[%emt 00:00:07]} 3. d4 {[%clk 01:31:42]} {[%emt 00:00:09]} cxd4 {[%clk
01:31:38]} {[%emt 00:00:09]} 4. Nxd4 {[%clk 01:31:58]} {[%emt 00:00:14]} Nf6
{[%clk 01:31:57]} {[%emt 00:00:15]} 5. Nc3 {[%clk 01:32:10]} {[%emt 00:00:14]}
h5 {[%clk 01:32:16]} {[%emt 00:00:10]} 6. Nxc6 {[%clk 01:15:37]} {[%emt
00:17:03]} bxc6 {[%clk 01:29:38]} {[%emt 00:03:09]} 7. e5 {[%clk 01:11:52]}
{[%emt 00:04:14]} Ng4 {[%clk 01:20:51]} {[%emt 00:09:17]} 8. f4 {[%clk
00:56:18]} {[%emt 00:16:04]} Qb6 {[%clk 01:08:46]} {[%emt 00:12:35]} 9. Qf3
{[%clk 00:55:00]} {[%emt 00:01:45]} g6 {[%clk 00:55:27]} {[%emt 00:13:51]} 10.
h3 {[%clk 00:50:20]} {[%emt 00:05:10]} Nh6 {[%clk 00:53:03]} {[%emt 00:02:55]}
11. Bd3 {[%clk 00:46:01]} {[%emt 00:04:48]} Bg7 {[%clk 00:51:44]} {[%emt
00:01:49]} 12. Bd2 {[%clk 00:32:45]} {[%emt 00:13:46]} O-O {[%clk 00:45:16]}
{[%emt 00:06:58]} 13. g4 {[%clk 00:21:51]} {[%emt 00:11:24]} h4 {[%clk
00:25:43]} {[%emt 00:20:03]} 14. g5 {[%clk 00:15:20]} {[%emt 00:07:02]} Nf5
{[%clk 00:25:04]} {[%emt 00:01:08]} 15. Bxf5 {[%clk 00:15:44]} {[%emt
00:00:06]} gxf5 {[%clk 00:25:24]} {[%emt 00:00:10]} 16. Qh5 {[%clk 00:14:07]}
{[%emt 00:02:07]} Qxb2 {[%clk 00:22:09]} {[%emt 00:03:46]} 17. Rb1 {[%clk
00:14:22]} {[%emt 00:00:14]} Qxc2 {[%clk 00:17:04]} {[%emt 00:05:35]} 18. Rg1
{[%clk 00:12:46]} {[%emt 00:02:05]} Qd3 {[%clk 00:15:11]} {[%emt 00:02:24]} 19.
Qxh4 {[%clk 00:11:51]} {[%emt 00:01:25]} Qd4 {[%clk 00:10:06]} {[%emt
00:05:35]} 20. Ne2 {[%clk 00:08:01]} {[%emt 00:04:19]} Qe4 {[%clk 00:08:44]}
{[%emt 00:01:53]} 21. Rb4 {[%clk 00:08:15]} {[%emt 00:00:15]} Qd5 {[%clk
00:07:27]} {[%emt 00:01:48]} 22. Rb3 {[%clk 00:07:54]} {[%emt 00:00:51]} Ba6
{[%clk 00:06:16]} {[%emt 00:01:42]} 23. Rbg3 {[%clk 00:05:49]} {[%emt
00:02:33]} Bxe2 {[%clk 00:04:38]} {[%emt 00:02:09]} 24. g6 {[%clk 00:05:40]}
{[%emt 00:00:39]} fxg6 {[%clk 00:04:45]} {[%emt 00:00:23]} 25. Rxg6 {[%clk
00:05:56]} {[%emt 00:00:14]} Bg4 {[%clk 00:03:59]} {[%emt 00:01:15]} 26. hxg4
{[%clk 00:06:12]} {[%emt 00:00:15]} Qe4+ {[%clk 00:04:01]} {[%emt 00:00:28]}
27. Kf2 {[%clk 00:06:33]} {[%emt 00:00:08]} Qd4+ {[%clk 00:01:53]} {[%emt
00:02:40]} 28. Be3 {[%clk 00:07:00]} {[%emt 00:00:02]} Qb2+ {[%clk 00:01:43]}
{[%emt 00:00:40]} 29. Kf3 {[%clk 00:07:25]} {[%emt 00:00:05]} Qxa2 {[%clk
00:01:36]} {[%emt 00:00:37]} 30. Rxg7+ {[%clk 00:07:41]} {[%emt 00:00:14]} Kxg7
{[%clk 00:02:02]} {[%emt 00:00:04]} 31. gxf5+ {[%clk 00:08:04]} {[%emt
00:00:07]} Kf7 {[%clk 00:02:28]} {[%emt 00:00:03]} 32. Qh5# {[%emt 00:00:05]}
1-0

[Event "DEM U14 2023"]
[Site "Willingen GER"]
[Date "2023.06.03"]
[Round "9"]
[White "Chugunov, Ivan"]
[Black "Klaska, Philipp Leon"]
[Result "1/2-1/2"]
[Termination "normal"]
[Board "9"]
[WhiteElo "1670"]
[BlackElo "2026"]
[WhiteClock "00:06:29"]
[BlackClock "00:08:55"]
[PlyCount "46"]
[WhiteFideId "16256808"]
[BlackFideId "16238044"]
[EventCountry "GER"]
[EventRounds "9"]
[EventType "swiss"]
[EventDate "2023.05.27"]

1. d4 {[%clk 01:30:52]} {[%emt 00:00:08]} Nf6 {[%clk 01:30:44]} {[%emt
00:00:16]} 2. Nf3 {[%clk 01:31:11]} {[%emt 00:00:10]} e6 {[%clk 01:29:38]}
{[%emt 00:01:37]} 3. g3 {[%clk 01:31:31]} {[%emt 00:00:10]} c5 {[%clk
01:29:55]} {[%emt 00:00:13]} 4. Bg2 {[%clk 01:31:31]} {[%emt 00:00:30]} cxd4
{[%clk 01:27:35]} {[%emt 00:02:52]} 5. O-O {[%clk 01:29:49]} {[%emt 00:02:10]}
Be7 {[%clk 01:23:27]} {[%emt 00:04:39]} 6. Nxd4 {[%clk 01:25:12]} {[%emt
00:05:07]} O-O {[%clk 01:22:59]} {[%emt 00:00:57]} 7. c4 {[%clk 01:24:31]}
{[%emt 00:01:11]} a6 {[%clk 01:21:37]} {[%emt 00:01:53]} 8. Nc3 {[%clk
01:23:45]} {[%emt 00:01:15]} Qc7 {[%clk 01:20:54]} {[%emt 00:01:12]} 9. Qd3
{[%clk 01:20:32]} {[%emt 00:03:44]} Nc6 {[%clk 01:16:42]} {[%emt 00:04:42]} 10.
b3 {[%clk 01:18:07]} {[%emt 00:02:55]} b6 {[%clk 01:07:02]} {[%emt 00:10:10]}
11. Nf3 {[%clk 01:16:40]} {[%emt 00:01:57]} Bb7 {[%clk 01:02:29]} {[%emt
00:05:03]} 12. Rd1 {[%clk 01:05:14]} {[%emt 00:11:56]} Rfd8 {[%clk 00:47:59]}
{[%emt 00:15:01]} 13. Bf4 {[%clk 00:58:27]} {[%emt 00:07:16]} d6 {[%clk
00:45:45]} {[%emt 00:02:43]} 14. Rac1 {[%clk 00:36:41]} {[%emt 00:22:17]} Ne5
{[%clk 00:44:36]} {[%emt 00:01:38]} 15. Qd2 {[%clk 00:32:57]} {[%emt 00:04:15]}
Nxf3+ {[%clk 00:42:23]} {[%emt 00:02:43]} 16. exf3 {[%clk 00:31:34]} {[%emt
00:01:53]} Qd7 {[%clk 00:35:18]} {[%emt 00:07:34]} 17. Ne4 {[%clk 00:25:57]}
{[%emt 00:06:08]} d5 {[%clk 00:28:01]} {[%emt 00:07:48]} 18. Nxf6+ {[%clk
00:24:53]} {[%emt 00:01:33]} Bxf6 {[%clk 00:28:18]} {[%emt 00:00:13]} 19. cxd5
{[%clk 00:24:35]} {[%emt 00:00:48]} Qxd5 {[%clk 00:24:47]} {[%emt 00:04:01]}
20. Qc2 {[%clk 00:15:40]} {[%emt 00:09:25]} Qa5 {[%clk 00:19:34]} {[%emt
00:05:41]} 21. Rxd8+ {[%clk 00:11:16]} {[%emt 00:04:56]} Bxd8 {[%clk 00:15:07]}
{[%emt 00:04:58]} 22. h4 {[%clk 00:09:47]} {[%emt 00:01:58]} Bd5 {[%clk
00:10:41]} {[%emt 00:04:54]} 23. Bd6 {[%clk 00:06:29]} {[%emt 00:03:49]} b5
{[%clk 00:08:55]} {[%emt 00:02:15]} 1/2-1/2

[Event "DEM U14 2023"]
[Site "Willingen GER"]
[Date "2023.06.03"]
[Round "9"]
[White "Navarro Jahnke, Leo"]
[Black "Jahnz, Laurin"]
[Result "1-0"]
[Termination "normal"]
[Board "10"]
[WhiteElo "1954"]
[BlackElo "1896"]
[WhiteClock "00:58:37"]
[BlackClock "00:32:09"]
[PlyCount "65"]
[WhiteFideId "16234146"]
[BlackFideId "16261089"]
[EventCountry "GER"]
[EventRounds "9"]
[EventType "swiss"]
[EventDate "2023.05.27"]

1. d4 {[%clk 01:30:58]} {[%emt 00:00:02]} Nf6 {[%clk 01:30:57]} {[%emt
00:00:05]} 2. Nf3 {[%clk 01:31:21]} {[%emt 00:00:05]} c5 {[%clk 01:31:22]}
{[%emt 00:00:06]} 3. d5 {[%clk 01:31:20]} {[%emt 00:00:31]} b5 {[%clk
01:31:21]} {[%emt 00:00:32]} 4. Bf4 {[%clk 01:30:11]} {[%emt 00:01:37]} Bb7
{[%clk 01:30:44]} {[%emt 00:01:07]} 5. a4 {[%clk 01:25:26]} {[%emt 00:05:15]}
b4 {[%clk 01:20:27]} {[%emt 00:10:48]} 6. c4 {[%clk 01:24:29]} {[%emt
00:01:26]} d6 {[%clk 01:19:59]} {[%emt 00:00:57]} 7. Nbd2 {[%clk 01:22:47]}
{[%emt 00:02:12]} g6 {[%clk 01:20:00]} {[%emt 00:00:32]} 8. h3 {[%clk
01:22:04]} {[%emt 00:01:11]} Bg7 {[%clk 01:20:25]} {[%emt 00:00:06]} 9. Qc2
{[%clk 01:22:07]} {[%emt 00:00:25]} Nbd7 {[%clk 01:20:14]} {[%emt 00:00:42]}
10. e4 {[%clk 01:21:14]} {[%emt 00:01:22]} Qc7 {[%clk 01:18:49]} {[%emt
00:01:56]} 11. Bd3 {[%clk 01:20:09]} {[%emt 00:01:34]} h6 {[%clk 01:17:27]}
{[%emt 00:01:53]} 12. Bh2 {[%clk 01:17:50]} {[%emt 00:02:48]} O-O-O {[%clk
01:15:41]} {[%emt 00:02:16]} 13. O-O-O {[%clk 01:16:34]} {[%emt 00:01:47]} Ne5
{[%clk 01:08:26]} {[%emt 00:07:45]} 14. Nxe5 {[%clk 01:14:59]} {[%emt
00:02:04]} dxe5 {[%clk 01:08:52]} {[%emt 00:00:05]} 15. Rhf1 {[%clk 01:14:21]}
{[%emt 00:01:07]} Nh5 {[%clk 01:08:35]} {[%emt 00:00:48]} 16. g3 {[%clk
01:14:22]} {[%emt 00:00:27]} Kb8 {[%clk 01:04:32]} {[%emt 00:04:35]} 17. Be2
{[%clk 01:14:22]} {[%emt 00:00:29]} Bc8 {[%clk 01:03:42]} {[%emt 00:01:21]} 18.
Bxh5 {[%clk 01:13:11]} {[%emt 00:01:41]} gxh5 {[%clk 01:04:09]} {[%emt
00:00:03]} 19. h4 {[%clk 01:13:22]} {[%emt 00:00:19]} Bf6 {[%clk 00:59:33]}
{[%emt 00:05:06]} 20. Kb1 {[%clk 01:09:04]} {[%emt 00:04:47]} e6 {[%clk
00:56:27]} {[%emt 00:03:37]} 21. f4 {[%clk 01:02:29]} {[%emt 00:07:05]} exf4
{[%clk 00:54:22]} {[%emt 00:02:34]} 22. gxf4 {[%clk 01:02:50]} {[%emt
00:00:09]} Be7 {[%clk 00:34:27]} {[%emt 00:20:26]} 23. Nf3 {[%clk 01:00:59]}
{[%emt 00:02:21]} f5 {[%clk 00:33:54]} {[%emt 00:01:03]} 24. Ne5 {[%clk
01:00:48]} {[%emt 00:00:40]} Rdg8 {[%clk 00:31:38]} {[%emt 00:02:46]} 25. Nf7
{[%clk 01:00:22]} {[%emt 00:00:56]} Bxh4 {[%clk 00:30:18]} {[%emt 00:01:51]}
26. Nxh8 {[%clk 01:00:40]} {[%emt 00:00:12]} Rxh8 {[%clk 00:30:45]} {[%emt
00:00:03]} 27. dxe6 {[%clk 01:00:18]} {[%emt 00:00:52]} Bxe6 {[%clk 00:30:56]}
{[%emt 00:00:18]} 28. exf5 {[%clk 01:00:42]} {[%emt 00:00:07]} Bf7 {[%clk
00:31:10]} {[%emt 00:00:16]} 29. Rd2 {[%clk 00:59:07]} {[%emt 00:02:04]} Re8
{[%clk 00:30:56]} {[%emt 00:00:44]} 30. Rfd1 {[%clk 00:58:26]} {[%emt
00:01:11]} Re1 {[%clk 00:31:19]} {[%emt 00:00:07]} 31. Rxe1 {[%clk 00:58:31]}
{[%emt 00:00:25]} Bxe1 {[%clk 00:31:45]} {[%emt 00:00:04]} 32. Re2 {[%clk
00:58:47]} {[%emt 00:00:13]} Bh4 {[%clk 00:32:09]} {[%emt 00:00:07]} 33. f6
{[%clk 00:58:37]} {[%emt 00:00:40]} 1-0

[Event "DEM U14 2023"]
[Site "Willingen GER"]
[Date "2023.06.03"]
[Round "9"]
[White "Türel, Tugrul"]
[Black "Mester, Philipp"]
[Result "1-0"]
[Termination "normal"]
[Board "11"]
[WhiteElo "1855"]
[BlackElo "1730"]
[WhiteClock "00:09:47"]
[BlackClock "00:03:00"]
[PlyCount "109"]
[WhiteFideId "26338408"]
[BlackFideId "34624902"]
[EventCountry "GER"]
[EventRounds "9"]
[EventType "swiss"]
[EventDate "2023.05.27"]

1. e4 {[%clk 01:30:23]} {[%emt 00:00:35]} e5 {[%clk 01:30:56]} {[%emt
00:00:05]} 2. Nf3 {[%clk 01:30:49]} {[%emt 00:00:06]} Nc6 {[%clk 01:31:23]}
{[%emt 00:00:02]} 3. Bb5 {[%clk 01:31:13]} {[%emt 00:00:05]} Nf6 {[%clk
01:28:08]} {[%emt 00:03:45]} 4. O-O {[%clk 01:31:35]} {[%emt 00:00:07]} Nxe4
{[%clk 01:28:22]} {[%emt 00:00:17]} 5. Re1 {[%clk 01:31:59]} {[%emt 00:00:05]}
Nd6 {[%clk 01:28:44]} {[%emt 00:00:09]} 6. Nxe5 {[%clk 01:32:22]} {[%emt
00:00:06]} Be7 {[%clk 01:28:55]} {[%emt 00:00:19]} 7. Bf1 {[%clk 01:32:44]}
{[%emt 00:00:06]} Nf5 {[%clk 01:27:12]} {[%emt 00:02:16]} 8. Nf3 {[%clk
01:26:03]} {[%emt 00:07:11]} O-O {[%clk 01:25:45]} {[%emt 00:01:56]} 9. d4
{[%clk 01:26:29]} {[%emt 00:00:04]} d5 {[%clk 01:25:32]} {[%emt 00:00:43]} 10.
c3 {[%clk 01:24:56]} {[%emt 00:02:04]} Re8 {[%clk 01:23:28]} {[%emt 00:02:34]}
11. Bd3 {[%clk 01:23:41]} {[%emt 00:01:44]} Nd6 {[%clk 01:17:24]} {[%emt
00:06:33]} 12. Qc2 {[%clk 01:22:36]} {[%emt 00:01:36]} g6 {[%clk 01:16:55]}
{[%emt 00:00:59]} 13. Bf4 {[%clk 01:14:27]} {[%emt 00:08:37]} Bf5 {[%clk
01:15:38]} {[%emt 00:01:48]} 14. Nbd2 {[%clk 01:13:58]} {[%emt 00:00:58]} Bxd3
{[%clk 01:13:17]} {[%emt 00:02:51]} 15. Qxd3 {[%clk 01:14:26]} {[%emt
00:00:03]} Nf5 {[%clk 01:08:42]} {[%emt 00:05:05]} 16. Qb5 {[%clk 01:10:03]}
{[%emt 00:04:53]} Qd7 {[%clk 01:04:27]} {[%emt 00:04:45]} 17. Qxb7 {[%clk
01:07:25]} {[%emt 00:03:08]} Rab8 {[%clk 00:56:11]} {[%emt 00:08:47]} 18. Qxc7
{[%clk 01:07:39]} {[%emt 00:00:14]} Qxc7 {[%clk 00:56:37]} {[%emt 00:00:05]}
19. Bxc7 {[%clk 01:08:01]} {[%emt 00:00:07]} Rxb2 {[%clk 00:56:47]} {[%emt
00:00:20]} 20. Nb3 {[%clk 01:01:29]} {[%emt 00:07:03]} Rc8 {[%clk 00:52:59]}
{[%emt 00:04:17]} 21. Bf4 {[%clk 00:57:58]} {[%emt 00:04:01]} a5 {[%clk
00:47:56]} {[%emt 00:05:34]} 22. Reb1 {[%clk 00:50:53]} {[%emt 00:07:34]} Ba3
{[%emt 00:07:56]} 23. Bc1 {[%clk 00:48:00]} {[%emt 00:00:01]} Rxb1 {[%clk
00:44:16]} {[%emt 00:00:07]} 24. Rxb1 {[%clk 00:48:26]} {[%emt 00:00:04]} Bd6
{[%clk 00:44:29]} {[%emt 00:00:17]} 25. a4 {[%clk 00:48:30]} {[%emt 00:00:25]}
Re8 {[%clk 00:39:20]} {[%emt 00:05:40]} 26. Kf1 {[%clk 00:41:55]} {[%emt
00:07:05]} Rb8 {[%clk 00:35:38]} {[%emt 00:04:11]} 27. Ke2 {[%clk 00:28:47]}
{[%emt 00:13:39]} Bf8 {[%clk 00:30:57]} {[%emt 00:05:11]} 28. Bf4 {[%clk
00:27:39]} {[%emt 00:01:36]} Bd6 {[%clk 00:25:18]} {[%emt 00:06:11]} 29. Bxd6
{[%clk 00:26:40]} {[%emt 00:01:29]} Nxd6 {[%clk 00:25:43]} {[%emt 00:00:05]}
30. Nfd2 {[%clk 00:26:59]} {[%emt 00:00:09]} f6 {[%clk 00:17:15]} {[%emt
00:08:59]} 31. Kd3 {[%clk 00:25:10]} {[%emt 00:02:19]} Kf7 {[%clk 00:14:44]}
{[%emt 00:03:02]} 32. Nc5 {[%clk 00:25:08]} {[%emt 00:00:31]} Rxb1 {[%clk
00:14:46]} {[%emt 00:00:29]} 33. Nxb1 {[%clk 00:25:32]} {[%emt 00:00:06]} Nc4
{[%clk 00:13:40]} {[%emt 00:01:36]} 34. Nd2 {[%clk 00:25:21]} {[%emt 00:00:38]}
Nb6 {[%clk 00:12:37]} {[%emt 00:01:34]} 35. c4 {[%clk 00:16:21]} {[%emt
00:09:32]} dxc4+ {[%emt 00:01:56]} 36. Nxc4 {[%clk 00:16:28]} {[%emt 00:00:21]}
Nd5 {[%clk 00:11:13]} {[%emt 00:00:28]} 37. Ne3 {[%clk 00:11:54]} {[%emt
00:05:04]} Nb6 {[%clk 00:08:57]} {[%emt 00:02:47]} 38. d5 {[%clk 00:10:30]}
{[%emt 00:01:54]} Ne5+ {[%clk 00:08:12]} {[%emt 00:01:16]} 39. Kd4 {[%clk
00:10:28]} {[%emt 00:00:31]} Ke7 {[%clk 00:08:04]} {[%emt 00:00:37]} 40. f4
{[%clk 00:09:47]} {[%emt 00:01:11]} Ned7 {[%clk 00:04:35]} {[%emt 00:04:01]}
41. Nxd7 {[%clk 00:04:30]} {[%emt 00:05:47]} Kxd7 {[%clk 00:04:13]} {[%emt
00:00:52]} 42. Nc4 {[%clk 00:04:41]} {[%emt 00:00:18]} Nxa4 {[%clk 00:04:26]}
{[%emt 00:00:18]} 43. g4 {[%clk 00:01:14]} {[%emt 00:03:57]} Kd8 {[%clk
00:21:31]} {[%emt 00:13:25]} 44. h4 {[%clk 00:27:00]} {[%emt 00:04:42]} Kd7
{[%clk 00:20:42]} {[%emt 00:01:20]} 45. g5 {[%clk 00:26:20]} {[%emt 00:01:10]}
f5 {[%clk 00:19:21]} {[%emt 00:01:51]} 46. Nxa5 {[%clk 00:26:15]} {[%emt
00:00:35]} Nb2 {[%clk 00:18:42]} {[%emt 00:01:09]} 47. Nc4 {[%clk 00:26:01]}
{[%emt 00:00:45]} Nd1 {[%clk 00:14:48]} {[%emt 00:04:23]} 48. Ke5 {[%clk
00:20:52]} {[%emt 00:05:39]} Nc3 {[%clk 00:08:28]} {[%emt 00:06:50]} 49. d6
{[%clk 00:19:39]} {[%emt 00:01:43]} Ne4 {[%clk 00:05:09]} {[%emt 00:03:48]} 50.
Nb6+ {[%clk 00:18:21]} {[%emt 00:01:49]} Kd8 {[%clk 00:04:36]} {[%emt
00:01:04]} 51. Nd5 {[%clk 00:18:16]} {[%emt 00:00:33]} Nd2 {[%clk 00:03:15]}
{[%emt 00:01:52]} 52. Ke6 {[%clk 00:12:16]} {[%emt 00:06:30]} Nf3 {[%clk
00:03:06]} {[%emt 00:00:39]} 53. Ne7 {[%clk 00:10:57]} {[%emt 00:01:49]} Nd4+
{[%clk 00:03:22]} {[%emt 00:00:14]} 54. Kd5 {[%clk 00:09:25]} {[%emt 00:02:02]}
Nf3 {[%clk 00:03:00]} {[%emt 00:00:50]} 55. Nc6+ {[%clk 00:09:47]} {[%emt
00:00:10]} 1-0

[Event "DEM U14 2023"]
[Site "Willingen GER"]
[Date "2023.06.03"]
[Round "9"]
[White "Mohammadzadeh, Daris"]
[Black "Fruth, David"]
[Result "0-1"]
[Termination "normal"]
[Board "13"]
[WhiteElo "1639"]
[BlackElo "1851"]
[WhiteClock "00:07:34"]
[BlackClock "00:37:05"]
[PlyCount "60"]
[WhiteFideId "34604359"]
[BlackFideId "16257596"]
[EventCountry "GER"]
[EventRounds "9"]
[EventType "swiss"]
[EventDate "2023.05.27"]

1. c4 {[%emt 00:00:16]} Nf6 {[%clk 01:30:47]} {[%emt 00:00:03]} 2. Nc3 {[%clk
01:31:14]} {[%emt 00:00:08]} g6 {[%clk 01:31:15]} {[%emt 00:00:02]} 3. g3
{[%clk 01:31:37]} {[%emt 00:00:09]} Bg7 {[%clk 01:31:43]} {[%emt 00:00:01]} 4.
Bg2 {[%clk 01:31:56]} {[%emt 00:00:11]} O-O {[%clk 01:32:10]} {[%emt 00:00:03]}
5. d3 {[%clk 01:31:42]} {[%emt 00:00:44]} d6 {[%clk 01:32:32]} {[%emt
00:00:08]} 6. e4 {[%clk 01:31:43]} {[%emt 00:00:29]} Nc6 {[%clk 01:31:54]}
{[%emt 00:01:08]} 7. Nge2 {[%clk 01:31:07]} {[%emt 00:01:05]} e5 {[%clk
01:26:41]} {[%emt 00:05:46]} 8. O-O {[%clk 01:30:58]} {[%emt 00:00:37]} Ne8
{[%clk 01:24:50]} {[%emt 00:02:21]} 9. f4 {[%clk 01:22:31]} {[%emt 00:08:58]}
f5 {[%clk 01:24:50]} {[%emt 00:00:30]} 10. Rb1 {[%clk 01:15:38]} {[%emt
00:07:23]} a5 {[%clk 01:23:39]} {[%emt 00:01:40]} 11. Be3 {[%clk 01:12:44]}
{[%emt 00:03:24]} Nf6 {[%clk 01:22:15]} {[%emt 00:01:53]} 12. Kh1 {[%clk
01:05:16]} {[%emt 00:07:59]} Be6 {[%clk 01:20:45]} {[%emt 00:02:01]} 13. b3
{[%clk 01:02:42]} {[%emt 00:03:03]} Qd7 {[%clk 01:20:19]} {[%emt 00:00:55]} 14.
Qd2 {[%clk 00:52:17]} {[%emt 00:10:56]} Rf7 {[%clk 01:11:10]} {[%emt 00:09:39]}
15. Nd5 {[%clk 00:39:26]} {[%emt 00:13:20]} b6 {[%clk 01:08:08]} {[%emt
00:03:32]} 16. Nec3 {[%clk 00:25:06]} {[%emt 00:14:51]} Raf8 {[%clk 01:08:00]}
{[%emt 00:00:38]} 17. Nb5 {[%clk 00:21:15]} {[%emt 00:04:22]} Bxd5 {[%clk
00:57:56]} {[%emt 00:10:34]} 18. cxd5 {[%clk 00:17:19]} {[%emt 00:04:26]} Ne7
{[%clk 00:55:12]} {[%emt 00:03:13]} 19. a4 {[%clk 00:17:42]} {[%emt 00:00:07]}
exf4 {[%clk 00:53:37]} {[%emt 00:02:05]} 20. gxf4 {[%clk 00:17:51]} {[%emt
00:00:20]} Ng4 {[%clk 00:53:34]} {[%emt 00:00:34]} 21. Bd4 {[%clk 00:16:46]}
{[%emt 00:01:35]} fxe4 {[%clk 00:53:31]} {[%emt 00:00:33]} 22. dxe4 {[%emt
00:01:25]} Bh6 {[%clk 00:51:37]} {[%emt 00:02:16]} 23. Bh3 {[%clk 00:11:53]}
{[%emt 00:04:36]} Bxf4 {[%clk 00:38:53]} {[%emt 00:13:14]} 24. Qg2 {[%clk
00:11:19]} {[%emt 00:01:03]} h5 {[%clk 00:38:45]} {[%emt 00:00:38]} 25. Rg1
{[%clk 00:10:14]} {[%emt 00:01:36]} c6 {[%clk 00:36:57]} {[%emt 00:02:18]} 26.
Bxg4 {[%clk 00:10:13]} {[%emt 00:00:31]} hxg4 {[%clk 00:36:52]} {[%emt
00:00:35]} 27. dxc6 {[%clk 00:08:40]} {[%emt 00:02:02]} Qxc6 {[%emt 00:01:04]}
28. Qxg4 {[%clk 00:07:12]} {[%emt 00:01:51]} Qxe4+ {[%clk 00:36:34]} {[%emt
00:00:22]} 29. Qg2 {[%clk 00:07:36]} {[%emt 00:00:06]} Rh7 {[%clk 00:36:38]}
{[%emt 00:00:26]} 30. Qxe4 {[%clk 00:07:34]} {[%emt 00:00:32]} Rxh2# {[%clk
00:37:05]} {[%emt 00:00:03]} 0-1